Statystyki dla Państwa z nazwą w rodzaju nijakim

Kliknij tutaj aby rozwiązać quiz!

Ogólne statystyki

  • Ten quiz został rozwiązany 72 razy
  • Średni wynik to 12 z 26

Statystyki odpowiedzi

Odpowiedź% Poprawnych
Monako
77%
Maroko
63%
Peru
63%
Kosowo
62%
Nauru
60%
Kongo
58%
Lesotho
58%
Togo
56%
San Marino
54%
Fidżi
52%
Palau
52%
Tuvalu
52%
Vanuatu
52%
Eswatini
48%
Dżibuti
46%
Mali
46%
Haiti
44%
Kiribati
40%
Belize
35%
Brunei
35%
Burundi
33%
Malawi
31%
Zimbabwe
31%
Burkina Faso
19%
Sierra Leone
19%
Wybrzeże Kości Słoniowej
17%

Rozkład punktacji

Percentyl według liczby udzielonych odpowiedzi

Procent ludzi z każdym wynikiem

Twoja historia wyników

Nie rozwiązałeś tego quizu